ՀՀ Գիտությունների ազգային ակադեմիայի հիմնարար գիտական գրադարան  =   Fundamental Scientific Library of NAS RA
Normal view MARC view

Entry Personal Name

Number of records used in: 2

001 - CONTROL NUMBER

  • control field: 1702

003 - CONTROL NUMBER IDENTIFIER

  • control field: AM-YEHGA

005 - DATE AND TIME OF LATEST TRANSACTION

  • control field: 20250617070430.0

008 - FIXED-LENGTH DATA ELEMENTS

  • fixed length control field: 050505 a|ac|n|aab||||||||||||a |n|||||||

040 ## - CATALOGING SOURCE

  • Original cataloging agency: AM-YEHGA

100 1# - HEADING--PERSONAL NAME

  • Personal name: Շահազիզ, Սմբատ Տեր-Սիմոնի,
  • Dates associated with a name: 1840 - 1907

400 1# - SEE FROM TRACING--PERSONAL NAME

  • Personal name: Շահազիզ, Սմբատ,
  • Dates associated with a name: 1840 - 1907

400 1# - SEE FROM TRACING--PERSONAL NAME

  • Personal name: Շահազիզ, Ս.
  • Fuller form of name: (Սմբատ),
  • Dates associated with a name: 1840 - 1907

400 1# - SEE FROM TRACING--PERSONAL NAME

  • Personal name: Շահազիզեան, Սմբատ,
  • Dates associated with a name: 1840 - 1907

400 1# - SEE FROM TRACING--PERSONAL NAME

  • Personal name: Շահազիզեան, Ս.
  • Fuller form of name: (Սմբատ),
  • Dates associated with a name: 1840 - 1907

400 1# - SEE FROM TRACING--PERSONAL NAME

  • Personal name: Շահազիզյան, Սմբատ,
  • Dates associated with a name: 1840 - 1907

400 1# - SEE FROM TRACING--PERSONAL NAME

  • Personal name: Շահազիզյան, Ս.
  • Fuller form of name: (Սմբատ),
  • Dates associated with a name: 1840 - 1907

400 1# - SEE FROM TRACING--PERSONAL NAME

  • Personal name: Շահազիս, Սմբատ,
  • Dates associated with a name: 1840 - 1907

400 1# - SEE FROM TRACING--PERSONAL NAME

  • Personal name: Шахазизян, Смбат Семенович,
  • Dates associated with a name: 1840 - 1907

400 1# - SEE FROM TRACING--PERSONAL NAME

  • Personal name: Shahazizyan, Smbat Ter-Simoni,
  • Dates associated with a name: 1840 - 1907

400 1# - SEE FROM TRACING--PERSONAL NAME

  • Personal name: Shahaziz, Smbat,
  • Dates associated with a name: 1840 - 1907

670 ## - SOURCE DATA FOUND

  • Uniform Resource Identifier: <a href=" http://hy.wikipedia.org/wiki/Սմբատ_Շահազիզ"target="_blank">Վիքիպեդիա</a>

670 ## - SOURCE DATA FOUND

  • Source citation: Հայկական համառոտ հանրագիտարան, 2003 :
  • Information found: Հ. 4 (Շահազիզ (Շահազիզյանց, Շահազիզյան) Սմատ Տեր-Սիմոնի (5.9.1840, Աշտարակ - 24.12.1907, Մոսկվա, թաղված է հայոց գերեզմանատանը), բանաստեղծ, մանկավարժ, հրապարակախոս: Ե. Շահազիզի հորեղբայրը: Լազարյան ճեմարանի ուսուցիչ և վերակացու (1862-97): 1867-ին ստացել է Արևելյան լեզուների թեկնածուի գիտ. աստիճան: Նրա ստեղծագործ. կյանքը սերտորեն կապված էր «Հյուսիսափայլ» ամսագրի հետ, որին աշխատակցել է 1861-ից):

670 ## - SOURCE DATA FOUND

  • Source citation: Երկեր, 1947 :
  • Information found: տիտղթ. (Ս. Շահազիզ)

670 ## - SOURCE DATA FOUND

  • Source citation: Չափածո երկեր : Լիակատար ժողովածու, 1993 :
  • Information found: տիտղթ. (Սմբատ Շահազիզ)

670 ## - SOURCE DATA FOUND

  • Source citation: Ամառնային նամակներ, 1897 :
  • Information found: տիտղթ. (Ս. Շահազիզեան)

670 ## - SOURCE DATA FOUND

  • Source citation: Մի քանի խօսք իմ ընթերցողին, 1903 :
  • Information found: տիտղթ. (Սմբատ Շահազիզեան)

670 ## - SOURCE DATA FOUND

  • Source citation: Հրապարակախոս ձայն, 1881 :
  • Information found: տիտղթ. (Ս. Շահազիզյան)

670 ## - SOURCE DATA FOUND

  • Source citation: Ազատության ժամեր, 1860 :
  • Information found: տիտղթ. (Սմբատ Շահազիզյան)

670 ## - SOURCE DATA FOUND

  • Source citation: Երկեր, 1961 :
  • Information found: տիտղթ. (Սմբատ Շահազիս)


ՀՀ ԳԱԱ հիմնարար գիտական գրադարան
ՀՀ,Երևան 0019
Մարշալ Բաղրամյան 24/6
հեռախոս:(374-10) 52-47-50
Հետադարձ կապ

All site content, except where otherwise noted, is licensed under a
Creative Commons License